Right to information (Record no. 7149)

MARC details
000 -LEADER
fixed length control field 00947 a2200217 4500
005 - DATE AND TIME OF LATEST TRANSACTION
control field 2008092408358.0
008 - FIXED-LENGTH DATA ELEMENTS--GENERAL INFORMATION
fixed length control field 080924t xxu||||| |||| 00| 0 eng d
010 ## - LCCN (DPL NO)
LC control number ENG-87851
020 ## - INTERNATIONAL STANDARD BOOK NUMBER
International Standard Book Number 8189915657
Terms of availability 880.00
035 ## - SYSTEM CONTROL NUMBER
System control number EN-71384
037 ## - SOURCE OF ACQUISITION
Source of stock number/acquisition D.B.Act / Pub
082 ## - DEWEY DECIMAL CLASSIFICATION NUMBER
Classification number 342.540662
100 ## - MAIN ENTRY--PERSONAL NAME
Personal name Jain, N. K.
245 ## - TITLE STATEMENT
Title Right to information
Statement of responsibility, etc by N. K. Jain
Remainder of title concept, law and practice with position in other countries and case studies
260 ## - PUBLICATION, DISTRIBUTION, ETC. (IMPRINT)
Place of publication, distribution, etc New Delhi
Name of publisher, distributor, etc Regal Publications
Date of publication, distribution, etc 2007
270 ## - ADDRESS
Address F-159, Rajouri Garden
City New Delhi
Postal code 110 027
Telephone number 011-45546396
Electronic mail address regalbookspub@yahoo.com
300 ## - PHYSICAL DESCRIPTION
Extent xii, 329 p.
Dimensions 23 cm. (Hb.)
500 ## - GENERAL NOTE
General note Includes bibliograpgical references and index
942 ## - ADDED ENTRY ELEMENTS (KOHA)
Institution code [OBSOLETE] dpl
Item type English Books
Call number prefix 342.540662 / JAI
Source of classification or shelving scheme Dewey Decimal Classification
Classification part 342.540662
Call number suffix JAI
Holdings
Withdrawn status Lost status Source of classification or shelving scheme Damaged status Not for loan Collection code Home library Current library Date acquired Cost, normal purchase price Total Checkouts Full call number Barcode Date last seen Copy number Cost, replacement price Koha item type
    Dewey Decimal Classification   Not For Loan Non-fiction D.B.Act.Division D.B.Act.Division 24/09/2008 880.00   342.540662 JAI EN-71384 15/09/2008 1 880.00 English Books

© Delhi Public Library
Hit Counter
free hit counter